Numerical methods for scientific and engineering computation / (Record no. 12194)
[ view plain ]
| 000 -LEADER | |
|---|---|
| fixed length control field | 00722nam a22002292 4500 |
| 001 - CONTROL NUMBER | |
| control field | 0000023564 |
| 005 - DATE AND TIME OF LATEST TRANSACTION | |
| control field | 20151217155233.0 |
| 008 - FIXED-LENGTH DATA ELEMENTS--GENERAL INFORMATION | |
| fixed length control field | 130228s xx 000 0 eng d |
| 020 ## - INTERNATIONAL STANDARD BOOK NUMBER | |
| International Standard Book Number | 8122433234 : |
| 040 ## - CATALOGING SOURCE | |
| Original cataloging agency | KABU |
| Transcribing agency | KABU |
| 100 1# - MAIN ENTRY--PERSONAL NAME | |
| Personal name | Jain, M. K. |
| -- | 0000183030 |
| 245 10 - TITLE STATEMENT | |
| Title | Numerical methods for scientific and engineering computation / |
| Statement of responsibility, etc. | M. K. Jain, S. R. K. Iyengar, R. K. Jain. |
| 250 ## - EDITION STATEMENT | |
| Edition statement | 6th ed. |
| 260 ## - PUBLICATION, DISTRIBUTION, ETC. (IMPRINT) | |
| Place of publication, distribution, etc. | New Delhi : |
| Name of publisher, distributor, etc. | New Age, |
| Date of publication, distribution, etc. | 2012. |
| 300 ## - PHYSICAL DESCRIPTION | |
| Extent | xi, 722 p. |
| 650 #0 - SUBJECT ADDED ENTRY--TOPICAL TERM | |
| Topical term or geographic name as entry element | Numerical analysis. |
| -- | 0000154812 |
| 700 1# - ADDED ENTRY--PERSONAL NAME | |
| Personal name | Iyengar, S. R. K. |
| -- | 0000183031 |
| 700 1# - ADDED ENTRY--PERSONAL NAME | |
| Personal name | Jain, R. K. |
| -- | 0000183032 |
| 852 1# - LOCATION | |
| -- | p3318 KES |
| 908 ## - PUT COMMAND PARAMETER (RLIN) | |
| Put command parameter | 130228 |
| 950 ## - LOCAL HOLDINGS (RLIN) | |
| -- | 1 |
| Withdrawn status | Lost status | Source of classification or shelving scheme | Not for loan | Home library | Current library | Date acquired | Total Checkouts | Total Renewals | Full call number | Barcode | Date last seen | Date last checked out | Price effective from | Koha item type |
|---|---|---|---|---|---|---|---|---|---|---|---|---|---|---|
| Library of Congress Classification | Kabarak, Main Campus | Kabarak, Main Campus | 17/12/2015 | 9 | 2 | QA297 .J35 2012 c. 1 | 014491 | 13/11/2025 | 02/10/2025 | 17/12/2015 | General Collection |